[Event "Aragon-chT Preferente A"]
[Site "Aragon"]
[Date "2015.02.21"]
[Round "5.48"]
[White "Pena Gil, Jose Alejandro"]
[Black "Lafarga Bueno, Daniel"]
[Result "0-1"]
[WhiteElo "1561"]
[BlackElo "1910"]
[PlyCount "82"]
[EventDate "2015.01.24"]
[EventType "team-tourn"]
[EventRounds "11"]
[EventCountry "ESP"]
[SourceTitle "EXT 2017"]
[Source "ChessBase"]
[SourceDate "2016.10.25"]
[SourceVersion "1"]
[SourceVersionDate "2016.10.25"]
[SourceQuality "1"]
[WhiteTeam "Aragon ONCE II"]
[BlackTeam "St Casablanca III"]
[WhiteTeamCountry "ESP"]
[BlackTeamCountry "ESP"]

1. d4 c5 2. c3 cxd4 3. Qxd4 Nc6 4. Qd1 Nf6 5. Nf3 e5 6. Bg5 Qb6 7. Qc2 d5 8. Bxf6 gxf6 9. e3 Be6 10. Nbd2 0-0-0 11. a4 Kb8 12. b4 d4 13. a5 Qc7 14. Rc1 dxc3 15. Nb1 Bxb4 16. Bb5 Nxa5 17. 0-0 Bb3 18. Qe4 Qc5 19. Bd3 Bd5 20. Qf5 Be6 21. Qxf6 Nc6 22. Bc2 Rhg8 23. Kh1 Rd6 24. Qh4 h6 25. Ne1 Bc4 26. Rg1 Rgd8 27. Qg4 Ba5 28. Qg3 b5 29. Nf3 b4 30. Qg4 Be6 31. Qh4 b3 32. Be4 f5 33. Bxc6 Rxc6 34. Qa4 Rdc8 35. Ne1 Qb4 36. Qxb4+ Bxb4 37. Nd3 Ba5 38. Nxe5 Rc5 39. Nf3 b2 40. Rce1 c2 41. Na3 c1Q 0-1

[Event "Zaragoza-ch Segunda 1st"]
[Site "Zaragoza"]
[Date "2014.11.16"]
[Round "7.5"]
[White "Pena Gil, Jose Alejandro"]
[Black "Codina Escudero, Juan"]
[Result "1-0"]
[WhiteElo "1640"]
[BlackElo "1544"]
[PlyCount "150"]
[EventDate "2014.09.28"]
[EventType "swiss"]
[EventRounds "9"]
[EventCountry "ESP"]
[SourceTitle "EXT 2024"]
[Source "ChessBase"]
[SourceDate "2023.10.10"]
[SourceVersion "1"]
[SourceVersionDate "2023.10.10"]
[SourceQuality "1"]

1. d4 e6 2. Nf3 d5 3. c4 c6 4. Nc3 Bb4 5. Bd2 Nf6 6. Qc2 h6 7. e3 Nbd7 8. Bd3 dxc4 9. Bxc4 Bxc3 10. Bxc3 Ne4 11. Qxe4 Nf6 12. Qc2 b5 13. Be2 a5 14. Bd2 Bb7 15. 0-0 Qd5 16. Bd3 b4 17. Rfe1 Ba6 18. Bxa6 Rxa6 19. e4 Qd7 20. Qc5 Qc7 21. d5 Kd8 22. Qc4 Rb6 23. Be3 Rb5 24. Rac1 exd5 25. exd5 Rxd5 26. Red1 Rxd1+ 27. Rxd1+ Kc8 28. Qa6+ Kb8 29. Qc4 Nd5 30. Rc1 Nxe3 31. fxe3 Kb7 32. Nd4 Rc8 33. Rf1 f6 34. Qc5 Re8 35. Nf3 Qf7 36. Qxa5 Qc4 37. Qf5 Kb6 38. Qf4 Qc5 39. Re1 Qe7 40. h3 c5 41. b3 Rd8 42. Re2 g5 43. Qf5 Qd6 44. Kf2 h5 45. Rd2 Qc7 46. Qe6+ Kb5 47. Qxf6 Rg8 48. Qe6 Qb8 49. Qd7+ Ka5 50. Qf5 Qc7 51. Rd5 Kb5 52. Qd3+ Ka5 53. Qc4 Rc8 54. Rxg5 h4 55. Qxh4 Qd6 56. Qc4 Kb6 57. Rd5 Qf6 58. Qd3 Qb2+ 59. Qd2 Qg7 60. Rd6+ Kc7 61. Rd5 Kb6 62. Rg5 Qf6 63. Rd5 Kc6 64. Ke2 Re8 65. Rd3 Qg6 66. Kd1 Qe4 67. Rd6+ Kc7 68. Rd7+ Kc8 69. Rd5 Qb1+ 70. Ke2 Qg6 71. Rxc5+ Kb7 72. Qxb4+ Qb6 73. Qxb6+ Kxb6 74. Rc4 Kb5 75. Nd4+ Ka6 1-0

[Event "Zaragoza-ch Segunda 1st"]
[Site "Zaragoza"]
[Date "2014.10.19"]
[Round "3.2"]
[White "Miranda Herrera, Miguel"]
[Black "Pena Gil, Jose Alejandro"]
[Result "1-0"]
[WhiteElo "1569"]
[BlackElo "1640"]
[PlyCount "71"]
[EventDate "2014.09.28"]
[EventType "swiss"]
[EventRounds "9"]
[EventCountry "ESP"]
[SourceTitle "EXT 2024"]
[Source "ChessBase"]
[SourceDate "2023.10.10"]
[SourceVersion "1"]
[SourceVersionDate "2023.10.10"]
[SourceQuality "1"]

1. d3 d5 2. Nf3 Nf6 3. g3 e6 4. Bg2 Nbd7 5. 0-0 b6 6. Nbd2 Bb7 7. b3 Be7 8. Bb2 c5 9. c4 Qc7 10. Rc1 0-0 11. d4 Rfe8 12. e3 Bd6 13. Qc2 a5 14. Rfe1 Rac8 15. Nb1 Bc6 16. Nc3 h6 17. Nd2 Qb7 18. e4 cxd4 19. exd5 exd5 20. Rxe8+ Rxe8 21. cxd5 Bxd5 22. Nxd5 Nxd5 23. Qc4 N7f6 24. Bxd4 b5 25. Qc6 Qxc6 26. Rxc6 Bb4 27. Nf3 Re2 28. Bf1 Rxa2 29. Bxb5 Ne7 30. Rb6 Nfd5 31. Rb8+ Kh7 32. Bd3+ f5 33. Nh4 Bc3 34. Nxf5 Nxf5 35. Bxf5+ g6 36. Rh8# 1-0

[Event "Zaragoza Artistica op"]
[Site "Zaragoza"]
[Date "2013.04.21"]
[Round "4"]
[White "Pena Gil, Jose Alejandro"]
[Black "Galvez Perez, Jose Luis"]
[Result "0-1"]
[WhiteElo "1714"]
[BlackElo "1919"]
[PlyCount "70"]
[EventDate "2013.04.13"]
[EventType "swiss"]
[EventRounds "9"]
[EventCountry "ESP"]
[SourceTitle "CBM 154 Extra"]
[Source "ChessBase"]
[SourceDate "2013.06.25"]
[SourceVersion "2"]
[SourceVersionDate "2013.06.25"]
[SourceQuality "1"]

1. d4 g6 2. c4 Bg7 3. Nf3 Nf6 4. Nc3 0-0 5. Bg5 d6 6. Bxf6 exf6 7. e3 Nd7 8. Be2 f5 9. Qc2 Nf6 10. 0-0 b6 11. Rfd1 Re8 12. Rac1 Ne4 13. Bd3 Nxc3 14. Qxc3 c5 15. Be2 Bb7 16. Qd2 Qe7 17. b3 f4 18. d5 fxe3 19. fxe3 Qxe3+ 20. Qxe3 Rxe3 21. Rc2 Rae8 22. Kf1 Bc8 23. h3 Bf5 24. Rdd2 Bxc2 25. Rxc2 a5 26. Nh2 f5 27. Nf3 Bf6 28. Bd1 Kg7 29. g3 g5 30. Kg2 g4 31. hxg4 fxg4 32. Nh2 h5 33. Nf1 Re1 34. Rd2 Bd4 35. Rd3 Rf8 0-1